[Event "World Rapid 2022"]
[Site "Almaty KAZ"]
[Date "2022.12.26"]
[Round "5.41"]
[White "Tomashevsky, Evgeny"]
[Black "Nesterov, Arseniy"]
[Result "1-0"]
[WhiteTitle "GM"]
[BlackTitle "GM"]
[WhiteElo "2694"]
[BlackElo "2573"]
[WhiteFideId "4147235"]
[BlackFideId "24198455"]
[EventDate "2022.12.26"]

1. c4 e6 2. Nf3 d5 3. g3 Nf6 4. Bg2 Be7 5. O-O O-O 6. d4 dxc4 7. Qc2 a6 8. a4
Bd7 9. Qxc4 Bc6 10. Bg5 Nbd7 11. Nc3 a5 12. Rfe1 h6 13. Bxf6 Bxf6 14. e4 Nb6 15.
Qb3 Be7 16. Red1 Qd6 17. d5 exd5 18. exd5 Bd7 19. Rd4 Qg6 20. Ne4 Bb4 21. Ne5
Qf5 22. Nd3 Bxa4 23. Rxa4 Nxa4 24. Qxa4 Rfd8 25. h4 c6 26. d6 Bxd6 27. Nxd6 Qf6
28. Nb5 Rxd4 29. Nxd4 Rd8 30. Nxc6 bxc6 31. Bf1 Rd5 32. Qe4 g5 33. hxg5 hxg5 34.
Qc4 Kg7 35. b3 Rd4 36. Qc2 Rd8 37. Nb2 Rd5 38. Nc4 Rb5 39. Ne3 Rb4 40. Bc4 a4
41. Nf5+ Kf8 42. bxa4 Qa1+ 43. Bf1 Rb1 44. Qd3 Rd1 45. Qc4 Rc1 46. Qa6 Kg8 47.
Ne3 Qe5 48. a5 Kg7 49. Qa7 Qc5 50. Qc7 Rc3 51. Qd8 Rxe3 52. fxe3 Qxe3+ 53. Kg2
Qe4+ 54. Kh2 Qc2+ 55. Kg1 Qc5+ 56. Kg2 Qc2+ 57. Kf3 Qf5+ 58. Ke2 Qb5+ 59. Ke1
Qe5+ 60. Be2 Qxg3+ 61. Kd2 Qf4+ 62. Kd3 Qf5+ 63. Kc3 Qc5+ 64. Kb3 g4 65. Bxg4
Qe3+ 66. Kc4 Qc1+ 67. Kd3 c5 68. Be2 c4+ 69. Ke4 Qb1+ 70. Ke3 Qb3+ 71. Kf2 c3
72. Qg5+ Kf8 73. Qc5+ Kg7 74. Bd3 Qb2+ 75. Kf3 Qc1 76. Qf5 Qd1+ 77. Ke4 Qe1+ 78.
Kd4 Qd2 79. Kc4 Kf8 80. Bc2 Qe1 81. Kb3 Qe3 82. Qc8+ Ke7 83. Qxc3 Qe6+ 84. Qc4
Qe3+ 85. Ka4 Qc1 86. Bb3 1-0

[Event "World Rapid 2022"]
[Site "Almaty KAZ"]
[Date "2022.12.26"]
[Round "5.42"]
[White "Petrosian, Tigran L."]
[Black "Ivic, Velimir"]
[Result "1-0"]
[WhiteTitle "GM"]
[BlackTitle "GM"]
[WhiteElo "2551"]
[BlackElo "2572"]
[WhiteFideId "13301616"]
[BlackFideId "950122"]
[EventDate "2022.12.26"]

1. Nf3 Nf6 2. g3 g6 3. Bg2 Bg7 4. O-O O-O 5. d3 d6 6. c4 e5 7. Nc3 Nc6 8. Rb1 a5
9. a3 h6 10. b4 axb4 11. axb4 Be6 12. Nd2 Qd7 13. b5 Nd8 14. Bb2 Bh3 15. Nd5
Bxg2 16. Nxf6+ Bxf6 17. Kxg2 Bg7 18. d4 exd4 19. Nf3 Ne6 20. Nxd4 Ng5 21. Nf3
Bxb2 22. Nxg5 Bg7 23. Nf3 Rfe8 24. e3 Ra3 25. Qd5 c6 26. bxc6 bxc6 27. Qd2 Qe6
28. Rfd1 Qxc4 29. Rbc1 Qe4 30. Qxd6 Ra2 31. Rd2 Rxd2 32. Qxd2 Qe6 33. Qa5 Rc8
34. Qa6 Bf6 35. h4 Kg7 36. Rc5 h5 37. Qc4 Qd6 38. e4 Be7 39. Ra5 c5 40. Ra6 Qc7
41. Qc3+ Kg8 42. Qc4 Rd8 43. Rxg6+ Kf8 44. Rh6 Qd7 45. Ne5 1-0

[Event "World Rapid 2022"]
[Site "Almaty KAZ"]
[Date "2022.12.26"]
[Round "5.43"]
[White "Christiansen, Johan-Sebastian"]
[Black "Bluebaum, Matthias"]
[Result "0-1"]
[WhiteTitle "GM"]
[BlackTitle "GM"]
[WhiteElo "2578"]
[BlackElo "2657"]
[WhiteFideId "1512668"]
[BlackFideId "24651516"]
[EventDate "2022.12.26"]

1. e4 e6 2. Nf3 d5 3. e5 c5 4. c3 Nc6 5. d4 Nge7 6. Na3 Bd7 7. Be2 cxd4 8. cxd4
Nf5 9. Nc2 Be7 10. O-O O-O 11. Bd3 f6 12. Bxf5 exf5 13. Re1 a5 14. a3 Be8 15.
Qd3 Bh5 16. e6 Bd6 17. Nh4 f4 18. g3 g5 19. Nf5 Bg6 20. gxf4 gxf4 21. Qh3 Ne7
22. Nh6+ Kh8 23. Re2 Qb6 24. Qf3 Rac8 25. Nf7+ Bxf7 26. exf7 Rxf7 27. Bxf4 Bxf4
28. Qxf4 Qxb2 29. Rae1 Ng8 30. Ne3 Qxa3 31. Nf5 a4 32. Re8 Rxe8 33. Rxe8 Qh3 34.
Re3 Qh5 35. Rg3 Rf8 36. Kg2 a3 37. Qd6 Qe8 38. Qxa3 Qe4+ 39. Rf3 Rd8 40. Qc5
Qg4+ 41. Ng3 Qc8 42. Qb6 Rf8 43. Nf5 Qd7 44. Qb4 Re8 45. Ng3 b5 46. h3 Rc8 47.
Nf5 Re8 48. Nd6 Re6 49. Nf5 Ne7 50. Nxe7 Rxe7 51. Rxf6 Rg7+ 52. Kh2 Qc7+ 53. Qd6
Qxd6+ 54. Rxd6 Rb7 55. Rxd5 b4 56. Rg5 b3 57. Rg1 b2 58. Rb1 Rb3 59. Kg2 Kg7 60.
f4 Kf6 61. d5 Kf5 62. Kh2 h5 63. h4 Rb8 64. Kh3 Ke4 65. d6 Kd3 66. f5 Kc2 67.
Rxb2+ Kxb2 68. Kg3 Kc3 69. Kf4 Kd4 70. d7 Rd8 71. f6 Rxd7 72. Kf5 Kd5 73. Kg6
Ke6 74. Kxh5 Kxf6 75. Kh6 Rd5 0-1

[Event "World Rapid 2022"]
[Site "Almaty KAZ"]
[Date "2022.12.26"]
[Round "5.45"]
[White "Sindarov, Javokhir"]
[Black "Cheng, Bobby"]
[Result "0-1"]
[WhiteTitle "GM"]
[BlackTitle "GM"]
[WhiteElo "2654"]
[BlackElo "2583"]
[WhiteFideId "14205483"]
[BlackFideId "4300033"]
[EventDate "2022.12.26"]

1. e4 e6 2. d4 d5 3. Nc3 Nf6 4. Bg5 h6 5. Bxf6 Qxf6 6. exd5 Bb4 7. dxe6 Bxe6 8.
Nf3 O-O 9. Bd3 c5 10. O-O Bxc3 11. bxc3 Nc6 12. Be4 Rad8 13. Bxc6 bxc6 14. Qd3
cxd4 15. cxd4 c5 16. Rfd1 Bf5 17. Qc4 Bg4 18. dxc5 Bxf3 19. gxf3 Qxf3 20. Rd3
Rxd3 21. cxd3 Rc8 22. Re1 Rc6 23. Re8+ Kh7 24. h4 0-1

[Event "World Rapid 2022"]
[Site "Almaty KAZ"]
[Date "2022.12.26"]
[Round "5.46"]
[White "Yoo, Christopher Woojin"]
[Black "Adly, Ahmed"]
[Result "1-0"]
[WhiteTitle "GM"]
[BlackTitle "GM"]
[WhiteElo "2575"]
[BlackElo "2596"]
[WhiteFideId "30909694"]
[BlackFideId "10601619"]
[EventDate "2022.12.26"]

1. e4 c5 2. Nf3 Nf6 3. Nc3 Nc6 4. Bb5 Nd4 5. e5 Nxb5 6. Nxb5 a6 7. Nc3 Ng8 8. d4
cxd4 9. Qxd4 b5 10. a4 e6 11. axb5 Ne7 12. Qe4 Rb8 13. bxa6 Nc6 14. a7 Ra8 15.
Be3 Bb7 16. O-O Qc8 17. Qh4 Ne7 18. Na4 Nf5 19. Qf4 g5 20. Nxg5 Rg8 21. Ne4 Qc6
22. Nac3 Rg6 23. g3 Bb4 24. f3 Bf8 25. g4 Bh6 26. g5 Bxg5 27. Nxg5 h6 28. h4
hxg5 29. hxg5 f6 30. exf6 Kf7 31. Kf2 Rxg5 32. Qxg5 Qxf3+ 33. Ke1 Qxe3+ 34. Qxe3
Nxe3 35. Rf2 Rh8 36. Ra5 Rh1+ 37. Ke2 Nxc2 38. a8=Q Bxa8 39. Rxa8 Nd4+ 40. Kd3
Nc6 41. Ne4 Rd1+ 42. Kc3 Rd5 43. Rd2 1-0

[Event "World Rapid 2022"]
[Site "Almaty KAZ"]
[Date "2022.12.26"]
[Round "5.47"]
[White "Bilguun, Sumiya"]
[Black "Sjugirov, Sanan"]
[Result "1/2-1/2"]
[WhiteTitle "GM"]
[BlackTitle "GM"]
[WhiteElo "2474"]
[BlackElo "2712"]
[WhiteFideId "4901541"]
[BlackFideId "4189302"]
[EventDate "2022.12.26"]

1. e4 e5 2. Nf3 Nf6 3. Nxe5 d6 4. Nf3 Nxe4 5. Nc3 Nxc3 6. dxc3 Be7 7. Be3 Nc6 8.
Qd2 Bf5 9. O-O-O Qd7 10. Kb1 O-O 11. h4 Rae8 12. Nd4 Nxd4 13. Bxd4 Bd8 14. f3 h6
15. g4 Bh7 16. g5 h5 17. Bd3 Bxd3 18. Qxd3 Re6 19. f4 Rfe8 20. Qf3 Re4 21. f5
Qb5 22. a4 Qe2 23. Qxe2 Rxe2 24. Bxa7 R2e5 25. Rhf1 Ra5 26. Bd4 Rxa4 27. Rde1
Rxe1+ 28. Rxe1 Kf8 29. b4 f6 30. g6 Be7 31. Kb2 Ra8 32. c4 Ke8 33. Kb3 Kd7 34.
Ra1 Rxa1 35. Bxa1 c6 36. Bd4 Bd8 37. b5 Ke7 38. b6 Kd7 39. Bf2 c5 40. Kc3 Kc6
41. Kd3 d5 42. cxd5+ Kxd5 43. c4+ Ke5 44. Bxc5 Kxf5 45. Bf2 Ke6 46. Ke4 f5+ 47.
Kf4 Bf6 48. c5 Be5+ 49. Kg5 Bf6+ 50. Kf4 Be5+ 51. Kg5 Bf6+ 52. Kf4 Be5+ 53. Kg5
Bf6+ 54. Kf4 Be5+ 55. Kg5 Bf6+ 56. Kf4 Be5+ 57. Kg5 Bf6+ 1/2-1/2

[Event "World Rapid 2022"]
[Site "Almaty KAZ"]
[Date "2022.12.26"]
[Round "5.48"]
[White "Harsha, Bharathakoti"]
[Black "Tin, Jingyao"]
[Result "0-1"]
[WhiteTitle "GM"]
[BlackTitle "GM"]
[WhiteElo "2593"]
[BlackElo "2562"]
[WhiteFideId "5078776"]
[BlackFideId "5804418"]
[EventDate "2022.12.26"]

1. Nf3 d5 2. g3 Nf6 3. Bg2 c6 4. c4 dxc4 5. Na3 b5 6. d3 e6 7. O-O Bxa3 8. bxa3
cxd3 9. Ne5 Qd4 10. Bf4 Nd5 11. Nf3 Qb6 12. Qxd3 Nd7 13. Bd2 O-O 14. Ng5 N5f6
15. Be3 Qa6 16. Rac1 Bb7 17. Nxh7 Nxh7 18. Qxd7 Nf6 19. Qd3 Rfd8 20. Qb3 Rd7 21.
Bc5 Rad8 22. Rfd1 Qa5 23. h3 Nd5 24. Rd4 Nb6 25. Bb4 Qa6 26. Rg4 Nc4 27. Qc3 e5
28. Qc2 c5 29. Bxb7 Qxb7 30. Bxc5 Rd2 31. Qb3 Qc6 32. Bb4 Rxe2 33. a4 Qf6 34.
Rf1 Rb2 35. Qc3 Rdd2 36. Bc5 Rbc2 37. Qb4 Rb2 38. Qc3 Rdc2 39. Qd3 Nd2 40. Rd1
Nf3+ 41. Kg2 Nd4 42. Rf1 0-1

[Event "World Rapid 2022"]
[Site "Almaty KAZ"]
[Date "2022.12.26"]
[Round "5.49"]
[White "Muradli, Mahammad"]
[Black "Maze, Sebastien"]
[Result "0-1"]
[WhiteTitle "GM"]
[BlackTitle "GM"]
[WhiteElo "2540"]
[BlackElo "2538"]
[WhiteFideId "13409301"]
[BlackFideId "613762"]
[EventDate "2022.12.26"]

1. d4 Nf6 2. c4 g6 3. Nc3 Bg7 4. e4 d6 5. h3 Nbd7 6. Be3 e5 7. d5 Nc5 8. Qc2 a5
9. Nf3 h5 10. Be2 b6 11. b3 Bh6 12. Bxh6 Rxh6 13. Qc1 Rh8 14. Qe3 h4 15. Nd2 Nh5
16. Bxh5 Rxh5 17. Nf3 Bd7 18. Rb1 f5 19. Nd2 Qg5 20. Qxg5 Rxg5 21. O-O Nd3 22.
Ne2 Rh5 23. a3 Ke7 24. Rfd1 Rhh8 25. exf5 gxf5 26. f4 Rag8 27. fxe5 dxe5 28. Nf3
e4 29. Rxd3 exd3 30. Nf4 Kf6 31. Nxd3 Re8 32. Kf2 Re4 33. Nd2 Re7 34. Nf3 Rhe8
35. Rb2 Re4 36. Rc2 R8e7 37. a4 c5 38. Rd2 Be8 39. Nc1 Bh5 40. Ne2 Re8 41. d6
Rd8 42. Nc3 Bxf3 43. Kxf3 Rd4 44. Nd5+ Ke5 45. Re2+ Re4 46. Nxb6 Rxe2 47. Kxe2
Rxd6 48. Nd5 Rg6 0-1

[Event "World Rapid 2022"]
[Site "Almaty KAZ"]
[Date "2022.12.26"]
[Round "5.50"]
[White "Utegaliyev, Azamat"]
[Black "Moiseenko, Alexander"]
[Result "0-1"]
[BlackTitle "GM"]
[WhiteElo "2445"]
[BlackElo "2577"]
[WhiteFideId "13702467"]
[BlackFideId "14102560"]
[EventDate "2022.12.26"]

1. e4 c5 2. Nc3 e6 3. Nge2 Nc6 4. g3 d5 5. exd5 exd5 6. d4 cxd4 7. Nxd4 Nf6 8.
Bg2 Be7 9. O-O O-O 10. Re1 Bg4 11. Qd3 Re8 12. Bf4 Qd7 13. a3 Rac8 14. Nce2 Bc5
15. c3 h6 16. b3 a6 17. f3 Bh3 18. Be3 Ne5 19. Qd2 Bxg2 20. Kxg2 Nxf3 21. Nxf3
Rxe3 22. Ned4 Rxe1 23. Rxe1 Ne4 24. Qd3 Bxd4 25. Qxd4 Nxc3 26. a4 Qf5 27. Rc1
Ne4 28. Qe5 Qd7 29. Rxc8+ Qxc8 30. Qxd5 Qc2+ 31. Kh1 Nf2+ 32. Kg2 Ng4+ 33. Qd2
Qxb3 34. a5 Qd5 35. Qe2 f5 36. h3 Nf6 37. Qe5 Qxe5 38. Nxe5 Kf8 39. Nd3 Nd7 40.
Kf3 Ke7 41. Ke3 0-1

[Event "World Rapid 2022"]
[Site "Almaty KAZ"]
[Date "2022.12.26"]
[Round "5.51"]
[White "Riazantsev, Alexander"]
[Black "Sankalp, Gupta"]
[Result "0-1"]
[WhiteTitle "GM"]
[BlackTitle "GM"]
[WhiteElo "2626"]
[BlackElo "2485"]
[WhiteFideId "4125029"]
[BlackFideId "5097010"]
[EventDate "2022.12.26"]

1. d4 Nf6 2. Nf3 d5 3. Bf4 c5 4. e3 e6 5. Bd3 Bd6 6. dxc5 Bxc5 7. O-O O-O 8. c4
dxc4 9. Bxc4 Qe7 10. Nc3 a6 11. Na4 Rd8 12. Qb3 b5 13. Nxc5 Qxc5 14. Be2 Bb7 15.
Rac1 Qf8 16. Rc7 Bd5 17. Qc2 Be4 18. Qc1 Nd5 19. Ng5 Nxc7 20. Bxc7 Rc8 21. Nxe4
Ra7 22. Bxb8 Rxc1 23. Bxa7 Rxf1+ 24. Bxf1 Qa8 25. Nf6+ gxf6 26. Bd4 e5 27. Bc3
Qd5 28. a3 Qd1 29. g3 Qa4 30. Be2 a5 31. Be1 b4 32. axb4 axb4 33. Bc4 Qa1 0-1

[Event "World Rapid 2022"]
[Site "Almaty KAZ"]
[Date "2022.12.26"]
[Round "5.58"]
[White "Harutyunyan, Tigran K."]
[Black "Brunello, Sabino"]
[Result "0-1"]
[WhiteTitle "GM"]
[BlackTitle "GM"]
[WhiteElo "2511"]
[BlackElo "2519"]
[WhiteFideId "13303635"]
[BlackFideId "813613"]
[EventDate "2022.12.26"]

1. c4 Nf6 2. Nc3 e6 3. d4 d5 4. cxd5 exd5 5. Bg5 c6 6. e3 h6 7. Bh4 Be7 8. Bd3
O-O 9. Qc2 Re8 10. Nge2 a5 11. O-O Na6 12. a3 Nc7 13. Rad1 Ne6 14. f3 b5 15. Bf2
Bd7 16. Kh1 Qb8 17. e4 b4 18. Na4 dxe4 19. fxe4 bxa3 20. bxa3 Bxa3 21. Bg3 Qa7
22. Rxf6 gxf6 23. e5 Bf8 24. exf6 c5 25. d5 Nd4 26. Nxd4 cxd4 27. Qf2 Re3 28.
Nb2 Qb7 29. Nc4 Rxd3 30. Rg1 Qxd5 31. Nb6 Qc6 32. Nxa8 Qxa8 33. Bf4 Qe4 34. Re1 0-1

[Event "World Rapid 2022"]
[Site "Almaty KAZ"]
[Date "2022.12.26"]
[Round "5.59"]
[White "Saraci, Nderim"]
[Black "Vallejo Pons, Francisco"]
[Result "0-1"]
[WhiteTitle "IM"]
[BlackTitle "GM"]
[WhiteElo "2468"]
[BlackElo "2716"]
[WhiteFideId "6351921"]
[BlackFideId "2205530"]
[EventDate "2022.12.26"]

1. e4 e6 2. d4 d5 3. Nc3 Bb4 4. e5 c5 5. a3 Bxc3+ 6. bxc3 Ne7 7. Bd3 Nbc6 8. Qg4
c4 9. Be2 O-O 10. Nf3 Qa5 11. Bd2 f6 12. O-O Bd7 13. exf6 Rxf6 14. Rfe1 Raf8 15.
h4 h6 16. Qh3 Be8 17. h5 Qc7 18. Ne5 Nxe5 19. dxe5 Rf5 20. f4 Ba4 21. Rac1 Qc5+
22. Qe3 b6 23. Bg4 Qc8 24. Qh3 Qc5+ 25. Kh2 b5 26. Be3 Qxa3 27. Bxf5 Rxf5 28.
Qh4 Rf7 29. Bd4 Nc6 30. Qh3 Rf5 31. Ra1 Qf8 32. Be3 a5 33. g4 Rxf4 34. Bxf4
Qxf4+ 35. Qg3 Qxg3+ 36. Kxg3 Bxc2 37. Re2 Bd3 38. Rea2 b4 39. cxb4 axb4 40. Ra8+
Kf7 41. Rc8 Nxe5 42. Ra7+ Kf6 43. Rf8+ Nf7 44. Rfxf7+ Ke5 45. Rxg7 b3 46. Rab7
Kd4 47. Rgc7 Kc3 48. Rc6 d4 49. Rxe6 Bc2 50. Rxh6 d3 51. Rd6 d2 52. h6 Be4 53.
h7 Bxh7 54. Rxh7 Kc2 55. Rc7 c3 56. g5 b2 57. Rb7 b1=Q 58. Rxb1 Kxb1 59. g6 c2
60. Rxd2 c1=Q 61. g7 Qc3+ 62. Kg4 Qxd2 0-1

[Event "World Rapid 2022"]
[Site "Almaty KAZ"]
[Date "2022.12.26"]
[Round "5.60"]
[White "Pranav, V"]
[Black "Naiditsch, Arkadij"]
[Result "1/2-1/2"]
[WhiteTitle "GM"]
[BlackTitle "GM"]
[WhiteElo "2545"]
[BlackElo "2659"]
[WhiteFideId "25060783"]
[BlackFideId "4650891"]
[EventDate "2022.12.26"]

1. e4 c5 2. Nf3 Nc6 3. Bb5 Nf6 4. Bxc6 dxc6 5. Qe2 g6 6. O-O Bg7 7. d3 O-O 8. h3
Nd7 9. e5 f5 10. Re1 Re8 11. a4 Nf8 12. a5 h6 13. h4 Ne6 14. Nbd2 Rf8 15. Nb3
Bd7 16. Be3 b6 17. d4 f4 18. Bc1 cxd4 19. Nbxd4 Nxd4 20. Nxd4 c5 21. Nf3 Bc6 22.
b3 Qd7 23. axb6 axb6 24. e6 Qd5 25. Rxa8 Bxa8 26. Rd1 Qf5 27. c4 g5 28. hxg5
hxg5 29. Bb2 g4 30. Nh4 Qg5 31. Bxg7 Qxh4 32. Qe5 Bxg2 33. Kxg2 Qh3+ 34. Kg1 f3
35. Qh2 Kxg7 36. Qxh3 gxh3 37. Kh2 Kf6 38. Kxh3 Kxe6 39. Re1+ Kd6 40. Kg3 e5 41.
Re3 Ke6 42. Rxf3 Rg8+ 43. Kh3 e4 44. Rg3 Rf8 45. Kg2 Ke5 46. Rg6 Rb8 47. Kf1 Kd4
48. Ke2 Kc3 49. Re6 Kxb3 50. Rxe4 b5 51. cxb5 c4 52. f4 c3 53. Kf3 c2 54. Re1
Rxb5 55. Ke4 Rb8 56. Rc1 Kb2 57. Rxc2+ Kxc2 58. f5 Kc3 59. f6 Kc4 60. Ke5 Kc5
61. f7 Kc6 62. Ke6 Rf8 63. Ke7 Rxf7+ 64. Kxf7 1/2-1/2

[Event "World Rapid 2022"]
[Site "Almaty KAZ"]
[Date "2022.12.26"]
[Round "5.61"]
[White "Arjun, Kalyan"]
[Black "Adhiban, Baskaran"]
[Result "0-1"]
[WhiteTitle "GM"]
[BlackTitle "GM"]
[WhiteElo "2505"]
[BlackElo "2611"]
[WhiteFideId "35018701"]
[BlackFideId "5018471"]
[EventDate "2022.12.26"]

1. e4 c5 2. Nf3 Nc6 3. d4 cxd4 4. Nxd4 e5 5. Nb5 d6 6. c4 g6 7. N1c3 a6 8. Na3
Bg7 9. Be2 Nd4 10. Nc2 Be6 11. Be3 Nxe2 12. Qxe2 Rc8 13. Nd5 Nf6 14. f3 Nxd5 15.
exd5 Bd7 16. O-O b5 17. b3 O-O 18. Rac1 Qa5 19. Ne1 bxc4 20. bxc4 Rfe8 21. Nd3
e4 22. fxe4 Rxe4 23. Nf2 Ree8 24. Qf3 f5 25. Bf4 Qxa2 26. Bxd6 Rxc4 27. Bf4 Rxc1
28. Rxc1 Qe2 29. Qxe2 Rxe2 30. Nd3 Bd4+ 31. Kh1 Bb5 32. Nb4 Bc3 33. Nc6 Re1+ 34.
Rxe1 Bxe1 35. Bc7 Bxc6 36. dxc6 Kf7 37. g3 Ke6 38. Be5 g5 39. Kg2 Ba5 40. Bb8
Bb6 41. Kf3 a5 42. Ke2 a4 43. Kd3 a3 44. Kc3 Be3 45. Kb3 Bc1 46. Be5 f4 47. gxf4
Bxf4 48. c7 Kd7 49. Bf6 g4 50. Kxa3 Bxh2 51. Kb3 Bxc7 52. Kc4 Ke6 53. Bh4 Kf5
54. Kd3 Kf4 55. Ke2 Bb6 56. Be1 g3 57. Bb4 g2 58. Bd6+ Kg4 59. Bh2 Kh3 0-1

[Event "World Rapid 2022"]
[Site "Almaty KAZ"]
[Date "2022.12.26"]
[Round "5.62"]
[White "Daneshvar, Bardiya"]
[Black "Ghasi, Ameet K"]
[Result "1-0"]
[WhiteTitle "IM"]
[BlackTitle "IM"]
[WhiteElo "2500"]
[BlackElo "2471"]
[WhiteFideId "12576468"]
[BlackFideId "409200"]
[EventDate "2022.12.26"]

1. d4 Nf6 2. c4 g6 3. Nc3 Bg7 4. e4 d6 5. Be2 O-O 6. Nf3 Nbd7 7. O-O e5 8. Be3
Qe7 9. Qc2 c6 10. d5 Ng4 11. Bg5 f6 12. Bh4 c5 13. Ne1 Nh6 14. f3 g5 15. Bf2 f5
16. exf5 Nxf5 17. Bd3 Nb6 18. Ne4 h6 19. Qd2 Nd7 20. Nc2 b6 21. Rae1 Nf6 22. Ne3
Nd4 23. Ng3 Ne8 24. Bb1 Rf4 25. Ne2 Nxe2+ 26. Qxe2 Bh8 27. g3 Rf8 28. Kg2 Bd7
29. Rh1 e4 30. Bxe4 Nf6 31. Bc2 Rae8 32. Qd3 Qh7 33. Qd1 Qg7 34. Nf5 Bxf5 35.
Bxf5 Rxe1 36. Rxe1 Re8 37. Be6+ Kf8 38. Qc2 Qh7 39. Bf5 Qg7 40. Be6 Qh7 41. Qd2
Re7 42. b4 Nd7 43. f4 cxb4 44. fxg5 Ke8 45. Qxb4 Nc5 46. Bxc5 dxc5 47. Qd2 Bd4
48. d6 Rxe6 49. Rxe6+ Kd8 50. Qe2 Qb7+ 51. Qe4 Qxe4+ 52. Rxe4 hxg5 53. h4 gxh4
54. gxh4 Kd7 55. h5 1-0

[Event "World Rapid 2022"]
[Site "Almaty KAZ"]
[Date "2022.12.26"]
[Round "5.63"]
[White "Idani, Pouya"]
[Black "Munkhgal, Gombosuren"]
[Result "1-0"]
[WhiteTitle "GM"]
[BlackTitle "GM"]
[WhiteElo "2637"]
[BlackElo "2463"]
[WhiteFideId "12510130"]
[BlackFideId "4901266"]
[EventDate "2022.12.26"]

1. d4 Nf6 2. c4 e6 3. Nc3 Bb4 4. e3 b6 5. Ne2 Bb7 6. a3 Be7 7. d5 O-O 8. Ng3 Re8
9. Be2 Bf8 10. O-O d6 11. e4 Nbd7 12. b4 g6 13. dxe6 Rxe6 14. Bb2 Bg7 15. Qc2 a5
16. f4 h5 17. e5 Ng4 18. Bxg4 hxg4 19. Rad1 axb4 20. axb4 Nf8 21. Nce4 Qh4 22.
f5 Rxe5 23. fxg6 Nxg6 24. Qf2 Rf8 25. Bxe5 Bxe5 26. Nf6+ Kh8 27. Nd7 Nf4 28.
Nxf8 Bxg2 29. Qe3 Bf3 30. Rxf3 gxf3 31. Qxf3 Qe7 32. Qa8 Nh3+ 33. Kg2 Nf4+ 34.
Kf3 1-0

[Event "World Rapid 2022"]
[Site "Almaty KAZ"]
[Date "2022.12.26"]
[Round "5.64"]
[White "Kovalev, Vladislav"]
[Black "Petkov, Momchil"]
[Result "1-0"]
[WhiteTitle "GM"]
[BlackTitle "GM"]
[WhiteElo "2623"]
[BlackElo "2531"]
[WhiteFideId "13504398"]
[BlackFideId "2921642"]
[EventDate "2022.12.26"]

1. e4 e5 2. Nf3 Nc6 3. Bb5 a6 4. Ba4 Nf6 5. O-O b5 6. Bb3 Bb7 7. d3 Bc5 8. Nc3
O-O 9. a3 Nd4 10. Nxd4 exd4 11. Ne2 d5 12. e5 Ng4 13. c3 dxc3 14. d4 cxb2 15.
Bxb2 Bb6 16. h3 Nh6 17. Nf4 Nf5 18. Qd3 Nh4 19. Qg3 Nf5 20. Qd3 Nh4 21. Rae1 Ng6
22. Ne2 a5 23. f4 b4 24. Kh2 f5 25. axb4 axb4 26. Qd2 Ba6 27. Qxb4 Bd3 28. Qd2
Be4 29. Ng3 Kh8 30. Nxe4 dxe4 31. d5 Ba5 32. Bc3 Bxc3 33. Qxc3 Qh4 34. g3 Qe7
35. Rd1 Rfd8 36. Rf2 Ra3 37. Ra2 Rda8 38. Rxa3 Qxa3 39. d6 cxd6 40. exd6 Qa7 41.
Rd2 Nf8 42. Qc4 Nd7 43. Ra2 Qb8 44. Rxa8 Qxa8 45. Qc7 Nf6 46. d7 Nxd7 47. Qxd7
h6 48. Qxf5 Qb8 49. Qe6 1-0

[Event "World Rapid 2022"]
[Site "Almaty KAZ"]
[Date "2022.12.26"]
[Round "5.65"]
[White "Yilmaz, Mustafa"]
[Black "Khripachenko, Alexander"]
[Result "1-0"]
[WhiteTitle "GM"]
[BlackTitle "FM"]
[WhiteElo "2617"]
[BlackElo "2219"]
[WhiteFideId "6302718"]
[BlackFideId "54184975"]
[EventDate "2022.12.26"]

1. d4 d5 2. c4 e6 3. Nc3 Be7 4. Nf3 Nf6 5. Bf4 O-O 6. e3 b6 7. Qc2 c5 8. Rd1 Bb7
9. cxd5 exd5 10. Bd3 Nc6 11. a3 Bd6 12. Bg5 h6 13. Bxf6 Qxf6 14. Nxd5 Qd8 15.
dxc5 Bxc5 16. O-O Qb8 17. Bc4 Ne5 18. b4 Nxc4 19. Qxc4 Bd6 20. Rd2 a5 21. Rfd1
Bxd5 22. Rxd5 Be7 23. Ne5 Qc8 24. Rd7 Bf6 1-0

[Event "World Rapid 2022"]
[Site "Almaty KAZ"]
[Date "2022.12.26"]
[Round "5.66"]
[White "Burmakin, Vladimir"]
[Black "Lintchevski, Daniil"]
[Result "0-1"]
[WhiteTitle "GM"]
[BlackTitle "GM"]
[WhiteElo "2498"]
[BlackElo "2548"]
[WhiteFideId "4105109"]
[BlackFideId "4171055"]
[EventDate "2022.12.26"]

1. Nf3 d5 2. g3 c6 3. Bg2 Bg4 4. h3 Bh5 5. c4 e6 6. Qb3 Qb6 7. d3 Nd7 8. O-O Ne7
9. cxd5 cxd5 10. Qxb6 Nxb6 11. Nc3 Nc6 12. g4 Bg6 13. Nb5 Kd7 14. Be3 Nc8 15.
Nh4 Be7 16. Nxg6 hxg6 17. Bd2 Nd6 18. Nc3 Rac8 19. Rac1 f5 20. f4 fxg4 21. hxg4
Rh4 22. Bf3 Nd4 23. Be1 Nxf3+ 24. exf3 Rhh8 25. Bf2 b6 26. Bd4 Bf6 27. Bxf6 gxf6
28. Kg2 g5 29. f5 exf5 30. Nxd5 Ke6 31. Ne3 f4 32. Nc4 Kd5 33. Nxd6 Kxd6 34. Rc4
Rxc4 35. dxc4 Kc5 36. b3 Rd8 37. Rf2 a5 38. Rc2 a4 39. bxa4 Rd4 40. Rb2 Rxc4 41.
Rb5+ Kc6 42. Rf5 Rxa4 43. Rxf6+ Kb7 44. Kf1 Rxa2 45. Rg6 Ra5 46. Ke2 Rd5 47. Rf6
b5 48. Rh6 b4 49. Re6 b3 0-1

[Event "World Rapid 2022"]
[Site "Almaty KAZ"]
[Date "2022.12.26"]
[Round "5.67"]
[White "Nogerbek, Kazybek"]
[Black "Narayanan, Srinath"]
[Result "1-0"]
[WhiteTitle "IM"]
[BlackTitle "GM"]
[WhiteElo "2468"]
[BlackElo "2559"]
[WhiteFideId "13710427"]
[BlackFideId "5018420"]
[EventDate "2022.12.26"]

1. Nf3 d5 2. e3 Nf6 3. c4 e6 4. Nc3 Bd6 5. b3 b6 6. cxd5 exd5 7. Bb2 O-O 8. Rc1
a6 9. g3 Re8 10. Bg2 Bg4 11. h3 Bh5 12. O-O c5 13. d4 cxd4 14. Qxd4 Nc6 15. Qd2
Bb4 16. Nd4 Ne5 17. f4 Ng6 18. Nc6 Bxc3 19. Bxc3 Qd6 20. Bxf6 Qxf6 21. g4 Bxg4
22. hxg4 Qh4 23. f5 Nf8 24. Qxd5 Qg5 25. Qd4 h5 26. Qf4 Qf6 27. g5 Qb2 28. Ne7+
Rxe7 29. Bxa8 Qxa2 30. Rc8 Qd2 31. Bg2 Rd7 32. Rfc1 h4 33. Qb8 Qxe3+ 34. Kh2 1-0

[Event "World Rapid 2022"]
[Site "Almaty KAZ"]
[Date "2022.12.26"]
[Round "5.69"]
[White "Sychev, Klementy"]
[Black "Madaminov, Mukhiddin"]
[Result "1-0"]
[WhiteTitle "GM"]
[BlackTitle "IM"]
[WhiteElo "2556"]
[BlackElo "2438"]
[WhiteFideId "4114060"]
[BlackFideId "14210703"]
[EventDate "2022.12.26"]

1. d4 Nf6 2. c4 g6 3. Nc3 d5 4. cxd5 Nxd5 5. Nf3 Bg7 6. Qa4+ Nc6 7. e4 Nb6 8.
Qc2 O-O 9. d5 Ne5 10. Nxe5 Bxe5 11. Bh6 Bg7 12. Bxg7 Kxg7 13. Rd1 a6 14. Be2 e6
15. a4 a5 16. dxe6 Qg5 17. O-O Bxe6 18. Nb5 Rfc8 19. f4 Qf6 20. Kh1 Bd7 21. Nc3
Bc6 22. e5 Qe7 23. Bb5 Bxb5 24. Nxb5 Rd8 25. h3 Rac8 26. b3 Rd5 27. Rxd5 Nxd5
28. Qe4 Rd8 29. f5 f6 30. Nd4 Kh8 31. fxg6 Qxe5 32. Qxe5 fxe5 33. g7+ Kg8 34.
Ne6 Ne3 35. Rf8+ 1-0